Marcatori della Fiorentina in UEFA Europa League 2013-2014 - Statistics

Statistiche generali
  • Questo quiz è stato fatto 6 volte
  • Il punteggio medio è 10 su 17
Statistiche sulle risposte
Partita Minuto Marcatore % Corretto
Pandurii - Fiorentina 1-2 92' Borja Valero
100%
Fiorentina - Paços Ferreira 3-0 76' Giuseppe Rossi
83%
Juventus - Fiorentina 1-1 79' Mario Gómez
83%
Esbjerg - Fiorentina 1-3 37' Alberto Aquilani
67%
Fiorentina - Paços Ferreira 3-0 30' Gonzalo Javier Rodríguez
67%
Dnipro - Fiorentina 1-2 63' Gonzalo Javier Rodríguez
67%
Fiorentina - Pandurii 3-0 26' Joaquín
67%
Fiorentina - Dnipro 2-1 42' Joaquín
67%
Esbjerg - Fiorentina 1-3 15' Josip Iličić
67%
Fiorentina - Esbjerg 1-1 47' Josip Iličić
67%
Fiorentina - Pandurii 3-0 69' Juan Cuadrado
67%
Fiorentina - Dnipro 2-1 77' Juan Cuadrado
67%
Esbjerg - Fiorentina 1-3 9' Alessandro Matri
33%
Fiorentina - Paços Ferreira 3-0 67' Ryder Matos
33%
Fiorentina - Pandurii 3-0 34' Ryder Matos
33%
Pandurii - Fiorentina 1-2 86' Ryder Matos
33%
Dnipro - Fiorentina 1-2 73' Massimo Ambrosini
17%
Nessun quiz corrispondente trovato
Distribuzione punteggi
Percentuale di utenti per punteggio
Percentile per numero di risposta
I tuoi punteggi nel tempo
Non hai fatto questo quiz